000 00621nam a2200193Ia 4500
008 0000001989 sp a 0000000000spa00
090 _aPSP00 R64a
100 1 _aRojas, Antonio
_d1962
245 1 0 _aAntonio Rojas
300 _a[22] p.
_c/ 24 cm.
500 _aCon el patronazgo del maestro venezolano Jesús Rafael Soto (q.e.p.d.)
600 0 0 _aROJAS, ANTONIO, 1962/
_xTRABAJOS PICTORICOS
650 1 4 _aARTE CONTEMPORANEO ESPAÑOL
650 1 4 _xCATALOGOS
650 1 4 _xEXPOSICIONES
650 1 4 _aPINTORES ESPAÑOLES
650 1 4 _aPINTURA ESPAÑOLA
999 _c4600
_d4600
260 _aMadrid : Galería Montenegro
_c1989